000 00350nam a2200157Ia 4500
003 Ost
005 20260225132546.0
008 260225s9999||||xx |||||||||||||| ||und||
040 _cfsic
041 _afre
082 _a440
100 _aEdgar C.Polamé
_eAuteur
245 0 _aLanguage in Tanzania /
245 0 _cEdgar C.Polamé
942 _cكتاب
999 _c33834
_d33834